| 000 | 00580nam a2200193Ia 4500 | ||
|---|---|---|---|
| 003 | IN-BaIIA | ||
| 008 | 211028s9999 xx 000 0 eng d | ||
| 040 | _cIIA Library | ||
| 080 |
_a083.7:621.791.053 _bISI |
||
| 110 | _aIndian Standards Institution | ||
| 245 | 0 |
_aIndian standard code of procedure for inspection of welds _cIndian Standards Institution |
|
| 260 |
_aNew Delhi _bIndian Standards Institution _c1971 |
||
| 300 | _a38p. | ||
| 500 | _aIS 822 : 1970 | ||
| 650 | _a Standards | ||
| 650 |
_a Welding-Standards _99301 |
||
| 650 | _aNASA Thesaurus | ||
| 942 | _cBK | ||
| 999 |
_c5316 _d5316 |
||